000 02480nam0a2200445 4500
001 RU\NLR\BIBL_A\012258016
005 20200709123948.0
010 _a978-5-85006-179-1
_9200
021 _aRU
_bКН-П-20-009260
_9КН-П-20-0715
035 _a(NLR Aleph) 012258016
090 _a11116074
_c11116074
100 _a20200326d2020 u y0rusy50 ca
101 1 _arus
_ceng
102 _aRU
105 _aa z 001zy
181 0 _ai
_baxxe
182 0 _an
200 1 _aДостижение баланса
_eпрагматичный взгляд на экологическую ответственность бизнеса
_fЙосси Шеффи в соавторстве с Эдгаром Бланко
_gперевод с английского под научной редакцией А. К. Ляско
_g[Российская академия народного хозяйства и государственной службы при Президенте Российской Федерации (РАНХиГС), ИБДА РАНХиГС]
203 _aТекст
_bвизуальный
_cнепосредственный
210 _aМосква
_cДело
_d2020
215 _aXXII, 551 с.
_cил., табл.
_d25
300 _aЗагл. и авт. ориг.: Balancing green: when to embrace sustainability in a business (and when not to) / Yossi Sheffi with Edgar Blanco
300 _aНа обл. авт. не указаны
300 _aНа XX-й с. 1-й авт.: Йосси Шеффи, проф.
320 _aБиблиогр. в примеч.: с. 409-512 и в тексте
320 _aАлф. указ.: с. 527-551
454 1 _12001#$aBalancing green$ewhen to embrace sustainability in a business (and when not to)$fYossi Sheffi with Edgar Blanco
_1700#1$aSheffi$bY.$gYossi
_1701#1$aBlanco$bE.$gEdgar
606 1 _aПредприятия
_xЭкологическая безопасность
_2nlr_sh2
_3RU\NLR\AUTH\661538378
606 1 _aПредпринимательство
_xСоциальная ответственность
_2nlr_sh2
_3RU\NLR\AUTH\661566076
610 0 _aэкологическая ответственность бизнеса
686 1 _aУ28(0)530
686 1 _aУ5-13
686 1 _aС550.422.1
700 1 _aШеффи
_bЙ.
_gЙосси
701 1 _aБланко
_bЭ.
_gЭдгар
942 _cBOOK
980 _aNBR
980 _aNB